Score 0/19 Timer 06:00
1 Play Today
Hint Person/Thing % Correct
This color of M&M's disappeared for about 10 years, due to public concern about carcinogenic dyes (which M&M's didn't contain). Public demand brought it back.Red
88%
Maybe cooking on his grill gave him an appetite to return to the ring and reclaim his heavyweight boxing titleGeorge Foreman
87.5%
You can't catch it by the tail, but may see it pass by every 70 to 80 years in the night sky Halley's Comet
84.3%
While this movie actor wasn't spying around, George Lazenby and Roger Moore probably failed to shake or stir youSean Connery
78.1%
For a period between 2009 and 2010, this TV host/comedian had free time available weeknights from 11:35pm to 12:35am ETJay Leno
77.8%
This 1975 hit song re-charted twice—in 1991 when Freddie Mercury died; and in 1992 thanks to Wayne & Garth!Bohemian Rhapsody
74.2%
Briefly, Chicago White Sox minor leaguer. OK, maybe baseball wasn't the sport that earned him his endorsement deals with NikeMichael Jordan
73.6%
This iGiant in the computing industry was ousted from his Mac-nificent company in 1985, but returned in 1996 to great iSuccessSteve Jobs
73.3%
Another famous wearer of hockey gear, this gruesome movie character has been 'resurrected' at least a dozen timesJason
72.6%
This Sicilian-rooted film character promised “The Family” would go “legitimate.” Did he REALLY go 20 years without ordering an associate killed during a religious ceremony?Michael Corleone
67.4%
Hint Person/Thing % Correct
Drugs and alcohol (and probably some Paranoid band members) were a factor when this heavy metal superstar took a long Sabbathical from his bandOzzy Osbourne
65%
He Who we can't name in this quiz left a Darker Mark each time he returned.Voldemort
64.4%
This Indian lawyer was on the fast track to success in England and South Africa, before returning home to take the 'fast' track leading to India's independenceGandhi
59.8%
Benjamin Harrison loitered in the Oval Office for 4 years, interrupting this president's two termsGrover Cleveland
53.1%
Either member of the 600 home run club to spend their first and last years with same team, playing elsewhere in the interimKen Griffey, Jr. & Sammy Sosa
44.1%
This Pittsburgh Penguin hockey legend bought the team and then decided he could still help it on the iceMario Lemieux
41.2%
This former New York Yankees manager was hired, fired, re-hired, fired, re-hired, fired, re-hired, fired and re-hired (oh yeah, he subsequently got fired)Billy Martin
37.7%
Tour de France winner who noticed they don't make yellow shirts in the U.S. like they do in FranceGreg LeMond
24.1%
Not wishing his wife to be the only millionaire in the family, he returned a 4th time to finally win SurvivorRob Mariano
22.7%

You're not logged in!

Compare scores with friends on all Sporcle quizzes.
OR
Log In

Sporcle TV

Today on Sporcle TV


Watch our educational content, quiz creation guides, and fun videos on Sporcle TV.

Show Comments

Extras

Top Quizzes Today


Score Distribution

Paid Content

Your Account Isn't Verified!

In order to create a playlist on Sporcle, you need to verify the email address you used during registration. Go to your Sporcle Settings to finish the process.

Report this User

Report this user for behavior that violates our Community Guidelines.

Details: